8 mots dans mots : oil (mort subite) - Statistiques

Statistiques générales
  • Ce quiz a été pris 20 fois
  • Le résultat moyen est 6 sur 8
Answers on the Grid
Answers color-coded by a green-red scale on the quiz's grid according to % correct below.
v---ette
désembout---ler
enorgu---lir
canc---lotte
vidéo-surv---lance
p---ante
bouche-bout---les
ét---er
o---letonner
v---ement
ingénieurs-cons---s
v---ure
dév---er
assurance-vi---lesse
vi---lissement
papier-t---ette
 
Statistiques - réponses
Réponse % Correct
dév---er
88%
papier-t---ette
88%
v---ement
82%
ét---er
76%
v---ette
76%
p---ante
71%
v---ure
65%
canc---lotte
53%
Aucun quiz correspondant
Distribution des résultats
% des personnes avec chaque résultat
Percentile par nombre de réponses
Votre historique - résultats
Vous n’avez pas pris ce quiz